[Event "Mohammed VI Cup"]
[Site "Casablanca MAR"]
[Date "2023.08.14"]
[Round "1.31"]
[White "Alrehaili, Ahmed Abdullah S"]
[Black "Noritsyn, Nikolay"]
[Result "0-1"]
[WhiteElo "2052"]
[BlackElo "2478"]
[PlyCount "92"]
[EventDate "2023.08.14"]
[EventType "swiss"]
[EventRounds "9"]
[EventCountry "MAR"]
[Source "ChessMix"]
[SourceDate "2023.08.20"]

1. e4 c5 2. Nf3 e6 3. b3 b6 4. Bb2 Bb7 5. Nc3 Nc6 6. g3 Be7 7. Bg2 Bf6 8. O-O
d6 9. Re1 Nge7 10. Na4 Ng6 11. d4 O-O 12. e5 dxe5 13. dxe5 Be7 14. Qe2 Qc7 15.
Rad1 Rfd8 16. Nc3 a6 17. h4 h6 18. h5 Nf8 19. Ne4 Nh7 20. Qe3 Nb4 21. Nd6 Nxc2
22. Qf4 Bg5 23. Nxg5 hxg5 24. Qc1 Bxg2 25. Qxc2 Bf3 26. Rc1 Bxh5 27. b4 g4 28.
bxc5 bxc5 29. Qxc5 Qxc5 30. Rxc5 Ng5 31. Rec1 Bg6 32. R5c4 Bf5 33. Ra4 Kh7 34.
Kg2 Rdb8 35. Bc3 Kg6 36. Bd2 Nf3 37. Nxf5 exf5 38. Rc6+ Kh7 39. Bc1 Rd8 40. Rd6
Nxe5 41. Raxa6 Rxa6 42. Rxd8 Rxa2 43. Rd5 f6 44. Bf4 Re2 45. Kf1 Re4 46. Bxe5
Rxe5 0-1

[Event "Mohammed VI Cup"]
[Site "Casablanca MAR"]
[Date "2023.08.15"]
[Round "2.9"]
[White "Noritsyn, Nikolay"]
[Black "Predojevic, Borki"]
[Result "0-1"]
[WhiteElo "2478"]
[BlackElo "2565"]
[PlyCount "68"]
[EventDate "2023.08.14"]
[EventType "swiss"]
[EventRounds "9"]
[EventCountry "MAR"]
[Source "ChessMix"]
[SourceDate "2023.08.20"]

1. e4 c5 2. Nf3 d6 3. d4 cxd4 4. Nxd4 Nf6 5. Nc3 Nc6 6. Bg5 e6 7. Qd2 Be7 8.
O-O-O a6 9. Nxc6 bxc6 10. Bc4 d5 11. Bb3 O-O 12. h4 a5 13. f3 Bb7 14. Qe3 Re8
15. Na4 Qc7 16. Bf4 e5 17. Bh2 Bd6 18. Qb6 Qe7 19. exd5 cxd5 20. Rhe1 Rab8 21.
Nc3 Rec8 22. Qf2 Bc6 23. g4 Qb7 24. g5 Nd7 25. f4 a4 26. fxe5 Bc5 27. Qf5 axb3
28. axb3 Nf8 29. h5 d4 30. Ne4 Bxe4 31. Rxe4 g6 32. hxg6 hxg6 33. Qg4 Ne6 34.
Bg1 Qa6 0-1

[Event "Mohammed VI Cup"]
[Site "Casablanca MAR"]
[Date "2023.08.15"]
[Round "3.22"]
[White "Choukri, Adel"]
[Black "Noritsyn, Nikolay"]
[Result "0-1"]
[WhiteElo "2307"]
[BlackElo "2478"]
[PlyCount "152"]
[EventDate "2023.08.14"]
[EventType "swiss"]
[EventRounds "9"]
[EventCountry "MAR"]
[Source "ChessMix"]
[SourceDate "2023.08.20"]

1. e4 e6 2. d4 d5 3. e5 c5 4. c3 Nc6 5. Nf3 Bd7 6. Be2 Nge7 7. h4 Rc8 8. h5 Nf5
9. g4 Nh6 10. Rg1 Qb6 11. a3 a5 12. a4 Ng8 13. Na3 cxd4 14. cxd4 f6 15. exf6
Nxf6 16. Nb5 Bb4+ 17. Kf1 O-O 18. Be3 Ne4 19. Rc1 Qd8 20. Nc3 Bxc3 21. bxc3 Qe8
22. Nd2 Ne7 23. Nxe4 dxe4 24. c4 Bxa4 25. Qd2 b5 26. Qxa5 bxc4 27. Qe5 Nd5 28.
Qxe4 Bb5 29. h6 g6 30. Qe5 Rc7 31. Kg2 Qc6 32. Bf3 Rcf7 33. Be4 Qd7 34. Rc2 Nf6
35. Kh3 Bc6 36. Bxc6 Qxc6 37. Rgc1 Nxg4 38. Kxg4 Qf3+ 39. Kh4 Rf4+ 40. Bxf4
Rxf4+ 41. Qxf4 Qxf4+ 42. Kh3 Kf7 43. Kg2 Qg5+ 44. Kf3 Qh5+ 45. Ke4 Kf6 46. Rxc4
Qe2+ 47. Kf4 Qxf2+ 48. Kg4 g5 49. R1c2 Qh4+ 50. Kf3 Qxh6 51. Rc8 Qh1+ 52. Ke3
Qh3+ 53. Ke4 Qf5+ 54. Ke3 Qf4+ 55. Kd3 Qf3+ 56. Kd2 Kg6 57. R2c5 Kh5 58. Re5
Qf4+ 59. Kd3 Qf6 60. Rb8 Qf1+ 61. Kd2 Qc4 62. Rd8 Kh4 63. Ke3 Qc3+ 64. Ke2 g4
65. Rd6 Qc4+ 66. Ke3 Qb3+ 67. Ke2 Qa2+ 68. Kd1 Qa1+ 69. Ke2 Qb2+ 70. Kd1 g3 71.
Re4+ Kh3 72. Rdxe6 h5 73. R6e5 h4 74. Rf4 Qb3+ 75. Kd2 g2 76. Ree4 Qg3 0-1

[Event "Mohammed VI Cup"]
[Site "Casablanca MAR"]
[Date "2023.08.16"]
[Round "4.9"]
[White "Noritsyn, Nikolay"]
[Black "Quesada Perez, Luis Ernesto"]
[Result "0-1"]
[WhiteElo "2478"]
[BlackElo "2544"]
[PlyCount "92"]
[EventDate "2023.08.14"]
[EventType "swiss"]
[EventRounds "9"]
[EventCountry "MAR"]
[Source "ChessMix"]
[SourceDate "2023.08.20"]

1. e4 e5 2. Nf3 Nc6 3. Bc4 Bc5 4. d3 Nf6 5. Bg5 h6 6. Bh4 d6 7. c3 a6 8. Nbd2
Ba7 9. a4 g5 10. Bg3 Nh5 11. Nf1 Nf4 12. Ne3 Be6 13. Qc2 Rg8 14. Rd1 Qf6 15.
O-O h5 16. d4 Bxc4 17. Nxc4 h4 18. Bxf4 gxf4 19. Kh1 O-O-O 20. Qd3 exd4 21.
cxd4 d5 22. Ncd2 Nxd4 23. e5 Qg7 24. Rg1 Qg6 25. Qxg6 fxg6 26. Rgf1 g5 27. b4
Ne6 28. Nb3 c6 29. h3 g4 30. hxg4 Rxg4 31. Nc1 Rdg8 32. Nd3 Rxg2 33. Rg1 h3 34.
Rxg2 Rxg2 35. Ng1 Rg4 36. Kh2 Bxf2 37. Nxf2 Rg2+ 38. Kxh3 Rxf2 39. Kg4 Kd7 40.
Kf5 f3 41. b5 Ra2 42. bxc6+ bxc6 43. Nxf3 Rxa4 44. Ne1 Rf4+ 45. Kg6 Rf1 46. Rc1
Nd4 0-1

[Event "Mohammed VI Cup"]
[Site "Casablanca MAR"]
[Date "2023.08.17"]
[Round "6.21"]
[White "Noritsyn, Nikolay"]
[Black "Kurmangaliyeva, Liya"]
[Result "1-0"]
[WhiteElo "2478"]
[BlackElo "2250"]
[PlyCount "77"]
[EventDate "2023.08.14"]
[EventType "swiss"]
[EventRounds "9"]
[EventCountry "MAR"]
[Source "ChessMix"]
[SourceDate "2023.08.20"]

1. Nf3 Nf6 2. d4 e6 3. c4 d5 4. g3 Be7 5. Bg2 O-O 6. O-O b6 7. Nc3 Bb7 8. Ne5
Nbd7 9. Qa4 c6 10. Nxc6 Bxc6 11. Qxc6 Rc8 12. Qa4 Rxc4 13. Qxa7 Rxd4 14. e4
Nxe4 15. Nxe4 dxe4 16. Be3 Rd6 17. Bxe4 Bf6 18. Rad1 Nc5 19. Bf3 Bxb2 20. Rxd6
Qxd6 21. Rb1 Bd4 22. Bxd4 Qxd4 23. Qxb6 e5 24. Rd1 Qc3 25. Rd8 g6 26. Bd5 e4
27. Rxf8+ Kxf8 28. Qc7 Qa1+ 29. Kg2 Ne6 30. Qd6+ Kg7 31. Bxe6 Qf6 32. Qd7 Qf3+
33. Kf1 Qh1+ 34. Ke2 Qf3+ 35. Ke1 Qh1+ 36. Kd2 e3+ 37. Ke2 exf2 38. Qxf7+ Kh6
39. Qxf2 1-0

[Event "Mohammed VI Cup"]
[Site "Casablanca MAR"]
[Date "2023.08.18"]
[Round "7.20"]
[White "Milliet, Sophie"]
[Black "Noritsyn, Nikolay"]
[Result "1-0"]
[WhiteElo "2388"]
[BlackElo "2478"]
[PlyCount "127"]
[EventDate "2023.08.14"]
[EventType "swiss"]
[EventRounds "9"]
[EventCountry "MAR"]
[Source "ChessMix"]
[SourceDate "2023.08.20"]

1. e4 c5 2. Nf3 e6 3. Nc3 a6 4. g3 Nc6 5. Bg2 Nf6 6. d4 cxd4 7. Nxd4 Qc7 8. O-O
d6 9. Nxc6 bxc6 10. Na4 a5 11. c4 Ba6 12. b3 Be7 13. Bb2 O-O 14. Re1 Nd7 15.
Qd2 Rfd8 16. Rad1 e5 17. Kh1 Nf8 18. f4 Bb7 19. Qf2 Nd7 20. Rf1 Bf8 21. Rd2 Re8
22. c5 d5 23. fxe5 Nxe5 24. Qf4 Ba6 25. Rfd1 d4 26. Bxd4 Ra7 27. Nb6 Ng6 28.
Qf2 Bc8 29. Nc4 Be6 30. Nd6 Rb8 31. Bc3 a4 32. b4 a3 33. Nf5 Ne5 34. Rd6 Nc4
35. Nh6+ Kh8 36. Rxe6 fxe6 37. Rf1 Qe7 38. Nf7+ Kg8 39. Qd4 Nb2 40. Nh6+ Kh8
41. Rf7 Qxf7 42. Nxf7+ Rxf7 43. Bh3 Na4 44. Bxe6 Re7 45. Bb3 Nxc3 46. Qc4 Nd5
47. exd5 g6 48. d6 Re1+ 49. Kg2 Bg7 50. Qa6 Rf8 51. d7 g5 52. Qc8 Re2+ 53. Kh3
Rd2 54. Qe8 Rd4 55. Be6 h6 56. Bf5 Rd5 57. Be4 Rd4 58. Qg6 Kg8 59. Bf5 Rf6 60.
Qe8+ Rf8 61. Qe6+ Kh8 62. Qg6 Kg8 63. b5 h5 64. Be6+ 1-0

[Event "Mohammed VI Cup"]
[Site "Casablanca MAR"]
[Date "2023.08.18"]
[Round "8.20"]
[White "Noritsyn, Nikolay"]
[Black "Avinash Ramesh"]
[Result "1/2-1/2"]
[WhiteElo "2478"]
[BlackElo "2267"]
[PlyCount "63"]
[EventDate "2023.08.14"]
[EventType "swiss"]
[EventRounds "9"]
[EventCountry "MAR"]
[Source "ChessMix"]
[SourceDate "2023.08.20"]

1. e4 c5 2. Nc3 Nc6 3. g3 g6 4. Bg2 Bg7 5. d3 Rb8 6. Bg5 b5 7. Qd2 b4 8. Nd1 a5
9. Ne2 d6 10. O-O h6 11. Be3 h5 12. h3 e6 13. a3 Nge7 14. axb4 axb4 15. d4 cxd4
16. Nxd4 Nxd4 17. Bxd4 e5 18. Ba7 Rb7 19. Ra6 O-O 20. Be3 Be6 21. Bg5 Qc8 22.
Rxd6 Nc6 23. c3 bxc3 24. bxc3 Na5 25. Rd8 Rxd8 26. Qxd8+ Qxd8 27. Bxd8 Nc4 28.
Bg5 Rb3 29. Kh2 f6 30. Bc1 Bf8 31. Ne3 Rxc3 32. Re1 1/2-1/2

[Event "Mohammed VI Cup"]
[Site "Casablanca MAR"]
[Date "2023.08.19"]
[Round "9.20"]
[White "Hadj Kholti, Yasser"]
[Black "Noritsyn, Nikolay"]
[Result "0-1"]
[WhiteElo "2018"]
[BlackElo "2478"]
[PlyCount "188"]
[EventDate "2023.08.14"]
[EventType "swiss"]
[EventRounds "9"]
[EventCountry "MAR"]
[Source "ChessMix"]
[SourceDate "2023.08.20"]

1. e4 c5 2. Nf3 d6 3. b3 e5 4. Bc4 Be7 5. O-O Nf6 6. Re1 O-O 7. c3 Nc6 8. d4
cxd4 9. cxd4 Bg4 10. d5 Nd4 11. Nbd2 Nd7 12. h3 Bxf3 13. Nxf3 Nxf3+ 14. Qxf3
Bg5 15. Bb5 Nb6 16. Be3 a6 17. Bd3 Nd7 18. Rac1 Bxe3 19. Qxe3 Qa5 20. Re2 Rac8
21. Rec2 Rc5 22. Rxc5 Nxc5 23. Rc2 g6 24. Bf1 Kg7 25. Qc3 Qxc3 26. Rxc3 Nxe4
27. Rc7 Rb8 28. Rd7 Kf8 29. g4 Nf6 30. Rc7 Ke8 31. Bg2 Nd7 32. g5 Kd8 33. Rc4
Rc8 34. Rh4 Rc1+ 35. Kh2 Nf8 36. f4 Kc7 37. fxe5 dxe5 38. Re4 Kd6 39. Re2 Rd1
40. Rf2 Ke7 41. Rc2 Nd7 42. Rc7 b6 43. h4 a5 44. Kg3 Rd3+ 45. Kf2 Rd2+ 46. Kg3
Kd8 47. Ra7 f5 48. gxf6 Nxf6 49. Rf7 Nh5+ 50. Kf3 e4+ 51. Kxe4 Rxg2 52. Ke5 Ke8
53. Rxh7 Rxa2 54. Rb7 Re2+ 55. Kd6 Nf4 56. Rxb6 Kf7 57. Ra6 Re3 58. Rxa5 Rxb3
59. Ke5 Nd3+ 60. Kd4 Nf2 61. Ke5 Re3+ 62. Kf4 Rd3 63. Ra7+ Kf6 64. Ra6+ Kg7 65.
h5 gxh5 66. Ra7+ Kf6 67. Ra6+ Kf7 68. Ra7+ Ke8 69. Ra8+ Kd7 70. Ra7+ Kd6 71.
Ra6+ Kc7 72. Rh6 Rxd5 73. Kg3 Nd3 74. Kh4 Nf4 75. Rf6 Ng2+ 76. Kg3 Rg5+ 77. Kh3
Rg4 78. Rf2 Nf4+ 79. Kh2 Kd6 80. Ra2 Ke6 81. Ra6+ Kf5 82. Ra5+ Kg6 83. Rb5 Rg2+
84. Kh1 Rd2 85. Ra5 h4 86. Rb5 Nd5 87. Ra5 Kg5 88. Ra8 Kg4 89. Ra4+ Nf4 90. Re4
Kf3 91. Re8 Nd3 92. Rf8+ Kg3 93. Rg8+ Kh3 94. Rg1 Nf2# 0-1

[Event "Excelsior June op"]
[Site "Toronto CAN"]
[Date "2023.06.23"]
[Round "1.1"]
[White "Chen, Richard"]
[Black "Noritsyn, Nikolay"]
[Result "0-1"]
[WhiteElo "2090"]
[BlackElo "2607"]
[PlyCount "72"]
[EventDate "2023.06.23"]
[EventType "swiss"]
[EventRounds "5"]
[EventCountry "CAN"]

1. e4 c5 2. Nf3 e6 3. d4 cxd4 4. Nxd4 a6 5. Nc3 b5 6. Be3 Bb7 7. Bd3 Qc7 8. O-O
Nf6 9. f3 Nc6 10. Qd2 Ne5 11. a4 b4 12. Na2 d5 13. Nxb4 dxe4 14. fxe4 Neg4 15.
Bf4 Qb6 16. c3 Bxb4 17. h3 e5 18. hxg4 exf4 19. Qxf4 O-O 20. g5 Nh5 21. Qh4 g6
22. g4 Bc5 23. gxh5 Bxd4+ 24. cxd4 Qxd4+ 25. Rf2 Qxd3 26. Re1 Rae8 27. e5 Qd5
28. Rh2 Qc5+ 29. Rf2 Rxe5 30. Rxe5 Qxe5 31. hxg6 Qe1+ 32. Kh2 Qh1+ 33. Kg3 Qg1+
34. Kf4 fxg6+ 35. Ke3 Qe1+ 36. Kd3 Qxf2 0-1

[Event "Excelsior June op"]
[Site "Toronto CAN"]
[Date "2023.06.24"]
[Round "2.2"]
[White "Noritsyn, Nikolay"]
[Black "Mendes, Aaron Reeve"]
[Result "1-0"]
[WhiteElo "2607"]
[BlackElo "2215"]
[PlyCount "147"]
[EventDate "2023.06.23"]
[EventType "swiss"]
[EventRounds "5"]
[EventCountry "CAN"]

1. e4 c5 2. Nf3 d6 3. d4 cxd4 4. Nxd4 Nf6 5. Nc3 a6 6. Be3 e5 7. Nf3 Be6 8. Ng5
Be7 9. Nxe6 fxe6 10. Bc4 Qd7 11. Qf3 Nc6 12. Qh3 Nd8 13. Bb3 Rc8 14. Bb6 d5 15.
O-O-O Rxc3 16. Qxc3 Nxe4 17. Qxe5 Bf6 18. Qxe4 dxe4 19. Rxd7 Kxd7 20. Ba4+ Kc8
21. Re1 Nf7 22. Rxe4 Nd6 23. Rb4 Bd8 24. Bc5 Bg5+ 25. f4 Be7 26. Bb3 Kd7 27. g3
Rb8 28. Rd4 Re8 29. Rd3 Kc6 30. Bb4 Bf8 31. Bc3 h6 32. Re3 Kd7 33. Kd1 Nf5 34.
Rd3+ Kc6 35. Be5 Bd6 36. Bxd6 Nxd6 37. Re3 Kd7 38. c3 b5 39. Ke2 Nb7 40. Kf3
Nc5 41. Kg4 g6 42. Bc2 Rg8 43. h4 Kd6 44. Kh3 g5 45. fxg5 hxg5 46. h5 Nd7 47.
Rxe6+ Kxe6 48. Bb3+ Ke7 49. Bxg8 Nf6 50. Bb3 Nxh5 51. Kg4 Nf6+ 52. Kxg5 Ne4+
53. Kf4 Nc5 54. Bc2 Kf6 55. b4 Ne6+ 56. Ke4 Nc7 57. Kd4 Kg5 58. Bd1 Kf5 59. Bf3
Ne6+ 60. Kd5 Ng5 61. Be2 Nh3 62. c4 bxc4 63. Bxc4 Nf2 64. Bxa6 Nd1 65. Kd4 Nb2
66. Bb5 Kg4 67. a4 Nxa4 68. Bxa4 Kxg3 69. b5 Kf2 70. b6 Kg2 71. b7 Kh1 72. b8=Q
Kg1 73. Qg3+ Kh1 74. Bc6# 1-0

[Event "Excelsior June op"]
[Site "Toronto CAN"]
[Date "2023.06.24"]
[Round "3.2"]
[White "Sambuev, Bator"]
[Black "Noritsyn, Nikolay"]
[Result "0-1"]
[WhiteElo "2532"]
[BlackElo "2607"]
[PlyCount "80"]
[EventDate "2023.06.23"]
[EventType "swiss"]
[EventRounds "5"]
[EventCountry "CAN"]

1. d4 e6 2. c4 d5 3. Nc3 a6 4. cxd5 exd5 5. Bf4 Nf6 6. e3 Bd6 7. g3 c6 8. Bd3
h6 9. f3 c5 10. Nge2 Nc6 11. Bc2 Be6 12. Qd2 Rc8 13. Kf2 O-O 14. h4 Re8 15.
Rag1 cxd4 16. exd4 Bxf4 17. gxf4 Ne7 18. f5 Nxf5 19. Bxf5 Bxf5 20. h5 Qd6 21.
Rh4 Kh8 22. Ng3 Bh7 23. Nf1 b5 24. a3 a5 25. Ne3 b4 26. axb4 axb4 27. Ncd1 Rc7
28. Kg2 Nxh5 29. Kh1 Ng3+ 30. Kg2 Rc2 31. Nxc2 Re2+ 32. Qxe2 Nxe2 33. Ne1 Nxg1
34. Kxg1 Qg3+ 35. Ng2 Qxf3 36. Nde3 Be4 37. Rf4 Qh5 38. Rf2 f5 39. b3 Qh3 40.
Ra2 f4 0-1

[Event "Excelsior June op"]
[Site "Toronto CAN"]
[Date "2023.06.25"]
[Round "4.1"]
[White "Noritsyn, Nikolay"]
[Black "Mao, Fengxi"]
[Result "1-0"]
[WhiteElo "2607"]
[BlackElo "2280"]
[PlyCount "151"]
[EventDate "2023.06.23"]
[EventType "swiss"]
[EventRounds "5"]
[EventCountry "CAN"]

1. e4 c5 2. Nc3 d6 3. Nge2 Nf6 4. g3 Nc6 5. Bg2 g6 6. d3 Bg7 7. O-O Rb8 8. h3
b5 9. a3 a5 10. a4 b4 11. Nb5 O-O 12. c3 Ba6 13. c4 Ne8 14. f4 Bb7 15. f5 Ne5
16. Bg5 Qd7 17. g4 gxf5 18. gxf5 Kh8 19. Kh2 Rg8 20. Bf4 Nc6 21. Qd2 Be5 22.
Bf3 Nf6 23. Rg1 Bxf4+ 24. Nxf4 Ne5 25. Be2 Bc6 26. Qe3 Rbf8 27. Rxg8+ Rxg8 28.
Rg1 Qd8 29. Rxg8+ Qxg8 30. Qg3 Qg7 31. Qxg7+ Kxg7 32. Kg3 Kh6 33. Kh4 Nfd7 34.
Bd1 Nb6 35. b3 Bxb5 36. axb5 Ned7 37. Kg3 Kg5 38. h4+ Kf6 39. Kf3 Ke5 40. Ke3
Nf6 41. Nh3 e6 42. Ng5 exf5 43. Nxf7+ Ke6 44. Nd8+ Kd7 45. Nc6 fxe4 46. dxe4 a4
47. bxa4 Nxc4+ 48. Kf4 Kc7 49. a5 Nd2 50. a6 b3 51. a7 Kb7 52. b6 Nd7 53. Na5+
Ka8 54. Nxb3 Nxb3 55. Bxb3 Nxb6 56. Kg5 c4 57. Bc2 c3 58. Kh6 Nc4 59. Kxh7 Ne3
60. Bb1 c2 61. Bxc2 Nxc2 62. h5 Ne3 63. Kg6 Ng4 64. Kf5 Nh6+ 65. Ke6 Kxa7 66.
Kxd6 Kb7 67. e5 Kc8 68. Ke7 Nf5+ 69. Kf6 Nh6 70. Kg6 Ng4 71. e6 Kd8 72. Kf7
Nh6+ 73. Kf8 Nf5 74. h6 Ne7 75. h7 Ng6+ 76. Kg7 1-0

[Event "Excelsior June GM Norm"]
[Site "Toronto CAN"]
[Date "2023.06.19"]
[Round "1.1"]
[White "Noritsyn, Nikolay"]
[Black "Wang, Tianqi"]
[Result "1-0"]
[WhiteElo "2444"]
[BlackElo "2359"]
[PlyCount "89"]
[EventDate "2023.06.18"]
[EventType "tourn"]
[EventRounds "9"]
[EventCountry "CAN"]

1. e4 c5 2. Nf3 e6 3. c3 d5 4. e5 d4 5. d3 Bd7 6. g3 Bc6 7. Bg2 Ne7 8. O-O Nf5
9. Qe2 h5 10. h3 Be7 11. Nbd2 Nd7 12. Ne4 Rc8 13. a4 g6 14. Bf4 Kf8 15. Rfe1
Kg7 16. Qd2 dxc3 17. bxc3 c4 18. d4 Bxe4 19. Rxe4 Nb6 20. Rb1 Qd7 21. Bg5 Nd5
22. Ree1 b6 23. Qc2 a6 24. Bxe7 Nfxe7 25. Ng5 Rc6 26. Ne4 Rb8 27. Qd2 Qd8 28.
Bf3 b5 29. axb5 axb5 30. Qg5 Rcb6 31. Nf6 Nxc3 32. Nxh5+ Kg8 33. Nf6+ Kg7 34.
Rbc1 b4 35. h4 Nf5 36. h5 Nxd4 37. Bg4 Qc7 38. hxg6 fxg6 39. Nh5+ Kf8 40. Qh6+
Ke7 41. Nf6 Qb7 42. Rcd1 Ncb5 43. Rxd4 Nxd4 44. Rd1 Ra6 45. Qg7+ 1-0

[Event "Excelsior June GM Norm"]
[Site "Toronto CAN"]
[Date "2023.06.19"]
[Round "2.5"]
[White "Noritsyn, Nikolay"]
[Black "Nagy, Gabor"]
[Result "1-0"]
[WhiteElo "2444"]
[BlackElo "2464"]
[PlyCount "69"]
[EventDate "2023.06.18"]
[EventType "tourn"]
[EventRounds "9"]
[EventCountry "CAN"]

1. e4 e5 2. Nf3 Nf6 3. d4 Nxe4 4. Bd3 Nc6 5. O-O d5 6. dxe5 Be7 7. Nc3 Nxc3 8.
bxc3 O-O 9. Re1 Be6 10. Rb1 Rb8 11. Bf4 Re8 12. Qd2 Qd7 13. Bg3 a6 14. Qf4 h6
15. a4 Bf8 16. h4 Ne7 17. Nd4 c5 18. Nxe6 Qxe6 19. c4 b5 20. axb5 axb5 21. cxb5
c4 22. Be2 Rb6 23. h5 g5 24. hxg6 Qxg6 25. Bg4 Qxc2 26. e6 fxe6 27. Bh5 Ng6 28.
Qg4 Kf7 29. Bc7 Bc5 30. Rbc1 Qf5 31. Qxf5+ exf5 32. Rxe8 Rxb5 33. Re2 Kg7 34.
Re6 Nf8 35. Be5+ 1-0

[Event "Excelsior June GM Norm"]
[Site "Toronto CAN"]
[Date "2023.06.20"]
[Round "3.1"]
[White "Almeida Quintana, Omar"]
[Black "Noritsyn, Nikolay"]
[Result "1/2-1/2"]
[WhiteElo "2526"]
[BlackElo "2444"]
[PlyCount "35"]
[EventDate "2023.06.18"]
[EventType "tourn"]
[EventRounds "9"]
[EventCountry "CAN"]

1. d4 e6 2. c4 Bb4+ 3. Bd2 Bxd2+ 4. Qxd2 Nf6 5. Nc3 d5 6. e3 O-O 7. Nf3 Qe7 8.
Rc1 dxc4 9. Bxc4 c5 10. dxc5 Rd8 11. Qe2 Qxc5 12. O-O Nc6 13. Bb3 Qh5 14. Rfd1
Bd7 15. Qb5 Qxb5 16. Nxb5 Na5 17. Nd6 Ne8 18. Nc4 1/2-1/2

[Event "Excelsior June GM Norm"]
[Site "Toronto CAN"]
[Date "2023.06.20"]
[Round "4.3"]
[White "Noritsyn, Nikolay"]
[Black "Rodrigue-Lemieux, Shawn"]
[Result "1/2-1/2"]
[WhiteElo "2444"]
[BlackElo "2451"]
[PlyCount "66"]
[EventDate "2023.06.18"]
[EventType "tourn"]
[EventRounds "9"]
[EventCountry "CAN"]

1. e4 e5 2. Nf3 Nc6 3. Bb5 Nf6 4. d3 Bc5 5. O-O Nd4 6. Nxd4 Bxd4 7. c3 Bb6 8.
Ba4 O-O 9. Bg5 c6 10. Re1 d6 11. Nd2 h6 12. Bh4 Bg4 13. Qc1 g5 14. Bg3 Nh5 15.
Nc4 f5 16. exf5 Bxf5 17. Bb3 Kg7 18. d4 Nxg3 19. hxg3 e4 20. Nxb6 Qxb6 21. Qe3
Rae8 22. c4 Qd8 23. Ba4 Qa5 24. Bc2 Bg6 25. a3 h5 26. d5 cxd5 27. Rad1 Rf5 28.
cxd5 Rfe5 29. b4 Qb6 30. Qxb6 axb6 31. Re3 Bf7 32. Bb3 b5 33. Kf1 Ra8 1/2-1/2

[Event "Excelsior June GM Norm"]
[Site "Toronto CAN"]
[Date "2023.06.21"]
[Round "6.1"]
[White "Noritsyn, Nikolay"]
[Black "Sambuev, Bator"]
[Result "0-1"]
[WhiteElo "2444"]
[BlackElo "2433"]
[PlyCount "140"]
[EventDate "2023.06.18"]
[EventType "tourn"]
[EventRounds "9"]
[EventCountry "CAN"]

1. e4 e5 2. Nf3 Nc6 3. Bb5 a6 4. Ba4 d6 5. O-O Bd7 6. c3 Nf6 7. Re1 g6 8. d4
Bg7 9. h3 O-O 10. Bb3 a5 11. a3 a4 12. Bc2 b5 13. Be3 Re8 14. Nbd2 Qb8 15. Bd3
Qb7 16. Qc2 Nh5 17. Rad1 h6 18. Nf1 Na5 19. N3h2 Be6 20. Qe2 Bc4 21. d5 Nf4 22.
Bxf4 exf4 23. Qf3 Bxd3 24. Qxd3 Nc4 25. Qc2 Re7 26. Nd2 Rae8 27. Nhf3 Nxd2 28.
Rxd2 g5 29. Rde2 c5 30. dxc6 Qxc6 31. Qd3 Re6 32. Kf1 Qc4 33. Qxc4 bxc4 34. Rd2
Rb8 35. Ree2 Kf8 36. Rd5 Ke7 37. Ra5 Rb7 38. Rxa4 f5 39. Rxc4 d5 40. exd5 Rxe2
41. Kxe2 Rxb2+ 42. Kd3 Kd6 43. Nd2 Kxd5 44. Rc7 Bf6 45. Rh7 Ra2 46. Rxh6 Ke6
47. Rh7 Rxa3 48. Rc7 Ra2 49. Rc6+ Ke7 50. Rc4 Ra1 51. h4 gxh4 52. Nf3 Ra2 53.
Nd2 f3 54. gxf3 Kf7 55. Rb4 Ra1 56. f4 h3 57. Nf3 Rh1 58. Rb7+ Kg6 59. Rb6 h2
60. Ke2 Re1+ 61. Nxe1 h1=Q 62. Nf3 Qc1 63. Ne5+ Kg7 64. Rb7+ Kg8 65. Rb8+ Kh7
66. Rb7+ Bg7 67. Nd3 Qxc3 68. f3 Qc6 69. Re7 Kg8 70. Re3 Bf8 0-1

[Event "Excelsior June GM Norm"]
[Site "Toronto CAN"]
[Date "2023.06.22"]
[Round "7.4"]
[White "Jaferian, Koosha"]
[Black "Noritsyn, Nikolay"]
[Result "1-0"]
[WhiteElo "2233"]
[BlackElo "2444"]
[PlyCount "99"]
[EventDate "2023.06.18"]
[EventType "tourn"]
[EventRounds "9"]
[EventCountry "CAN"]

1. e4 e6 2. d4 d5 3. Bd3 dxe4 4. Bxe4 Nf6 5. Bf3 c5 6. Ne2 Be7 7. Nbc3 O-O 8.
Be3 cxd4 9. Nxd4 Nbd7 10. Qe2 a6 11. O-O-O Qc7 12. g4 Ne5 13. g5 Nfd7 14. Bg2
Nb6 15. Kb1 Nec4 16. Nb3 Bd7 17. Rd4 Rfc8 18. Bc1 a5 19. Rh4 a4 20. Nd4 Ra5 21.
Be4 g6 22. Rxh7 Be8 23. Bxg6 fxg6 24. Nxe6 Re5 25. Rg7+ Kh8 26. Nxc7 Rxe2 27.
Nxe8 Rxe8 28. Rxg6 Rxf2 29. b3 Bb4 30. bxc4 Nxc4 31. Nd5 Ba3 32. Nf6 Rc8 33.
Rd1 Rxh2 34. Rd7 Ne5 35. Rc7 Rf8 36. Bxa3 Nxg6 37. Bxf8 Nxf8 38. Rxb7 a3 39.
Kc1 Ng6 40. Ra7 Ne5 41. Kd1 Rh1+ 42. Ke2 Rh2+ 43. Ke3 Rh3+ 44. Ke4 Ng6 45. Kf5
Nf8 46. Rf7 Ne6 47. Kxe6 Re3+ 48. Kf5 Re5+ 49. Kg4 Rxg5+ 50. Kh4 1-0

[Event "Excelsior June GM Norm"]
[Site "Toronto CAN"]
[Date "2023.06.22"]
[Round "8.1"]
[White "Noritsyn, Nikolay"]
[Black "Rozentalis, Eduardas"]
[Result "1-0"]
[WhiteElo "2444"]
[BlackElo "2504"]
[PlyCount "95"]
[EventDate "2023.06.18"]
[EventType "tourn"]
[EventRounds "9"]
[EventCountry "CAN"]

1. e4 Nf6 2. e5 Nd5 3. d4 d6 4. Nf3 dxe5 5. Nxe5 c6 6. a3 Nd7 7. Nf3 N7f6 8. c4
Nb6 9. h3 Bf5 10. Nc3 e6 11. Qb3 Qc8 12. Be2 Be7 13. Bf4 O-O 14. O-O Ne4 15. a4
Rd8 16. Rfe1 h6 17. Bf1 Ng5 18. Nxg5 Bxg5 19. Bxg5 hxg5 20. Ne2 Qc7 21. a5 Nd7
22. g4 Bh7 23. Qe3 Nf8 24. Bg2 f6 25. b4 Rac8 26. Nc3 Qd6 27. Red1 Qxb4 28. c5
Qb3 29. Rd2 Kh8 30. a6 b5 31. Na2 Qa4 32. Qc3 Qxa6 33. Nb4 Qb7 34. Ra6 e5 35.
Qa1 e4 36. Rxa7 Qb8 37. Ra6 Qf4 38. Qc3 Ne6 39. Rxc6 Rxc6 40. Nxc6 Rd7 41. Nb4
Nxc5 42. Re2 Nb7 43. Qc8+ Rd8 44. Qxb7 Rxd4 45. Nc2 Qc1+ 46. Bf1 Rc4 47. Ne3
Rc5 48. Ra2 1-0

[Event "Excelsior June GM Norm"]
[Site "Toronto CAN"]
[Date "2023.06.23"]
[Round "9.5"]
[White "Mendes, Aaron Reeve"]
[Black "Noritsyn, Nikolay"]
[Result "1-0"]
[WhiteElo "2200"]
[BlackElo "2444"]
[PlyCount "124"]
[EventDate "2023.06.18"]
[EventType "tourn"]
[EventRounds "9"]
[EventCountry "CAN"]

1. e4 c5 2. Nf3 e6 3. b3 b6 4. Bb2 Bb7 5. Nc3 Nc6 6. d4 cxd4 7. Nxd4 Nf6 8.
Nxc6 Bxc6 9. Qe2 Bb4 10. f3 Rc8 11. O-O-O Qc7 12. Nd5 Bxd5 13. exd5 O-O 14. Be5
Qc5 15. Bd4 Qa5 16. Bxf6 gxf6 17. Qa6 Qc5 18. Bc4 Bc3 19. Rd3 Be5 20. g3 f5 21.
f4 Bg7 22. Kb1 Qe7 23. d6 Qd8 24. a4 Rc6 25. Re1 Qb8 26. Red1 Rfc8 27. R1d2 b5
28. Qxb5 Rb6 29. Qxd7 Rb7 30. Qe7 Rxe7 31. dxe7 Bf6 32. Rd8+ Kg7 33. e8=Q Rxd8
34. Rxd8 Bxd8 35. Qd7 Kf8 36. Be2 Qb6 37. Bh5 Be7 38. Qc8+ Bd8 39. Qc3 Kg8 40.
h3 Qd6 41. b4 Be7 42. b5 Bf8 43. Kc1 h6 44. a5 Bg7 45. Qc8+ Bf8 46. Qe8 Qa3+
47. Kd1 Qd6+ 48. Ke2 Qc7 49. Qc6 Qxc6 50. bxc6 Bd6 51. Kd3 Bc7 52. Kc4 Kf8 53.
Kb5 Ke7 54. Ka6 f6 55. Kb7 Kd8 56. a6 e5 57. Bg6 Ba5 58. Bxf5 exf4 59. gxf4 Bb6
60. h4 Ba5 61. h5 Bb6 62. c4 Ke8 1-0

[Event "Excelsior June IM Norm"]
[Site "Toronto CAN"]
[Date "2023.06.13"]
[Round "2.5"]
[White "Singh Dhaliwal, Jaipreet"]
[Black "Noritsyn, Nikolay"]
[Result "0-1"]
[WhiteElo "2050"]
[BlackElo "2462"]
[PlyCount "68"]
[EventDate "2023.06.13"]
[EventType "tourn"]
[EventRounds "9"]
[EventCountry "CAN"]

1. e4 c5 2. Nf3 e6 3. d4 cxd4 4. Nxd4 a6 5. Bd3 Ne7 6. O-O Nbc6 7. Nb3 Ng6 8.
Nc3 b5 9. Be3 Be7 10. f4 d6 11. Qf3 O-O 12. Rad1 Qc7 13. Qg3 Bh4 14. Qg4 Bf6
15. Rf3 b4 16. Na4 Rb8 17. Rh3 e5 18. f5 Nf4 19. Rh6 g6 20. Rf1 Bd7 21. Bxf4
exf4 22. Qxf4 Ne5 23. h4 Bxa4 24. g4 Bxb3 25. axb3 Nxd3 26. cxd3 Qc2 27. Qxd6
Bg7 28. Qf4 Rb6 29. e5 Bxh6 30. Qxh6 Qc5+ 31. Kg2 Qxe5 32. g5 Qxb2+ 33. Rf2 Qg7
34. h5 Qxh6 0-1